000 00806nam a2200193 a 4500
003 0
005 20250317085637.0
008 080924s19uu xx 00 eng d
050 _aPHS PE 1128.A2
_b.M66 2008
100 _aMoon, Seong Ran.
245 _aLength of stay in the Philippines and the english grammar literacy of grade 11 Korean students /
_cMoon Seong Ran.
260 _aLas PiƱas City, Philippines :
_bSouthville International School and Colleges,
_c2008.
300 _a22 pages :
_billustrations ;
_c28 cm.
504 _aIncludes bibliographical references.
650 _aEnglish language
_xGrammar
_vStudy and teaching
_vForeign speakers.
650 _aEnglish language
_xStudy and teaching
_vKorean speakers.
650 _aSecond language acquisition
_xEffect of immersion.
942 _2lcc
_cPASS
999 _c98096
_d98096